| 000 | 00643ngm a22002051 4500 | ||
|---|---|---|---|
| 001 | 0000008967 | ||
| 005 | 20151217161726.0 | ||
| 007 | vf cbahou | ||
| 008 | 080625s xx--- vleng d | ||
| 020 | _cKES | ||
| 040 |
_aKABU _cKABU |
||
| 110 | 2 |
_aIntegrated Regional Information Networks (IRIN) _@0000159764 |
|
| 245 | 0 | 0 |
_aGem slaves _h[videorecording] : _bTanzanite's child labour / _cIRIN. |
| 260 |
_aNairobi : _bIRIN, _c2006. |
||
| 300 |
_a1 DVD : _bsd., col ; _c4 3/4 in. |
||
| 650 | 0 |
_aChild labour _zTanzania _zMererani. _@0000159774 |
|
| 908 | _a080625 | ||
| 950 | _@1 | ||
| 999 |
_c15547 _d15547 |
||